|
|
|
|
| LEADER |
01643nam a22004215i 4500 |
| 001 |
978-94-6209-794-0 |
| 003 |
DE-He213 |
| 005 |
20151204163530.0 |
| 007 |
cr nn 008mamaa |
| 008 |
141127s2014 ne | s |||| 0|eng d |
| 020 |
|
|
|a 9789462097940
|9 978-94-6209-794-0
|
| 024 |
7 |
|
|a 10.1007/978-94-6209-794-0
|2 doi
|
| 040 |
|
|
|d GrThAP
|
| 050 |
|
4 |
|a L1-991
|
| 072 |
|
7 |
|a JN
|2 bicssc
|
| 072 |
|
7 |
|a EDU000000
|2 bisacsh
|
| 082 |
0 |
4 |
|a 370
|2 23
|
| 245 |
1 |
0 |
|a Using Data to Improve Higher Education
|h [electronic resource] :
|b Research, Policy and Practice /
|c edited by Maria Eliophotou Menon, Dawn Geronimo Terkla, Paul Gibbs.
|
| 264 |
|
1 |
|a Rotterdam :
|b SensePublishers :
|b Imprint: SensePublishers,
|c 2014.
|
| 300 |
|
|
|a VI, 262 p.
|b online resource.
|
| 336 |
|
|
|a text
|b txt
|2 rdacontent
|
| 337 |
|
|
|a computer
|b c
|2 rdamedia
|
| 338 |
|
|
|a online resource
|b cr
|2 rdacarrier
|
| 347 |
|
|
|a text file
|b PDF
|2 rda
|
| 490 |
1 |
|
|a Global Perspectives On Higher Education
|
| 520 |
|
|
|a In recent decades, higher education systems and institutions have been called to respond to an unprecedented number of challenges. Major challenges.
|
| 650 |
|
0 |
|a Education.
|
| 650 |
1 |
4 |
|a Education.
|
| 650 |
2 |
4 |
|a Education, general.
|
| 700 |
1 |
|
|a Menon, Maria Eliophotou.
|e editor.
|
| 700 |
1 |
|
|a Terkla, Dawn Geronimo.
|e editor.
|
| 700 |
1 |
|
|a Gibbs, Paul.
|e editor.
|
| 710 |
2 |
|
|a SpringerLink (Online service)
|
| 773 |
0 |
|
|t Springer eBooks
|
| 830 |
|
0 |
|a Global Perspectives On Higher Education
|
| 856 |
4 |
0 |
|u http://dx.doi.org/10.1007/978-94-6209-794-0
|z Full Text via HEAL-Link
|
| 912 |
|
|
|a ZDB-2-SHU
|
| 950 |
|
|
|a Humanities, Social Sciences and Law (Springer-11648)
|